000 00519nam a2200193 a 4500
001 13216
003 CO-ViMGA
008 141112s2004 ck r 000 u spa d
020 _a9687277141
040 _aCO-ViMGA
_bspa
_cCO-ViMGA
082 0 4 _a177.7 C818f
100 1 _aCuauhtemoc Sanchez, Carlos
_919381
245 1 0 _aLa fuerza de Sheccid
260 _aMexico :
_bEdiciones Selectas Diamante S.A. de C.V.,
_c1996
300 _a192p.
650 1 4 _aAMOR - NOVELA
_92654
650 1 4 _aNOVELA MEXICANA
942 _2ddc
_cBK
999 _c23965
_d23965